000 00857nam a2200241 a 4500
001 BRCA_6939
005 20190320205642.0
008 171111s1958----mx-a######---#000-0#spa-#
041 _aspa
044 _amx
050 4 _aND250
_b.A77 1958
245 1 0 _aArt Mexicain contemporain
_bpeinture et gravure
260 _aMéxico
_bInstituto Nacional de Bellas Artes : Secretaría de Educación Pública
_c1958
300 _a1 v. (sin paginación)
_bil., 82 láminas
_c17 cm.
500 _a[Exposición, Francia, 1958] Burdeos, París, Lille, Lyon, Toulouse.
500 _aO165
650 1 4 _aPinturas mexicanas
_xExposiciones
_917291
650 1 4 _aGrabados mexicanas
_xExposiciones
_917292
710 2 _aInstituto Nacional de Bellas Artes (México)
_913982
710 2 _aSecretaría de Educación Pública (México)
_916994
902 _aGFM
942 _2lcc
_cB
999 _c6621
_d6621